| 000 | 02120cam a22003611i 4500 | ||
|---|---|---|---|
| 003 | SA-RiAUC | ||
| 005 | 20241009153337.0 | ||
| 008 | 241009s1975 le g 000 0 ara c | ||
| 040 |
_aSA-RiKSU _bara _cSA-RiAUC _erda |
||
| 050 | 4 | _bR33 1975 | |
| 082 | 0 | 4 |
_a415.5 _qSA-RiAUC |
| 090 |
_a415.5 _bر ض ي |
||
| 100 | 1 |
_aالرضي الأستراباذي، محمد بن الحسن الرضي الأستراباذي، _dتوفي حوالي 686 هجري _eمؤلف. |
|
| 245 | 1 | 0 |
_aشرح شافية ابن الحاجب / _cتأليف رضي الدين محمد بن الحسن الأستراباذي النحوي. مع شرح شواهده / عبد القادر البغدادي ؛ حققها وضبط غريبها وشرح مبهمهما محمد نور الحسن، محمد الزفزاف، محمد محيي الدين عبد الحميد. |
| 264 | 1 |
_aبيروت : _bدار الكتب العلمية، _c1975 |
|
| 300 |
_a4 مجلد ؛ _c25 سم |
||
| 336 |
_aنص _btxt _2rdacontent _3كتاب |
||
| 337 |
_aبدون وسيط _bn _2rdamedia |
||
| 338 |
_aمجلد _bnc _2rdacarrier |
||
| 650 | 7 |
_aاللغة العربية _xصرف _2aucsh |
|
| 700 | 1 |
_aالحسن، محمد نور _eمحقق. |
|
| 700 | 1 |
_aالزفزاف، محمد _eمحقق. |
|
| 700 | 1 |
_aعبد الحميد، محمد محيي الدين، _d1318-1393 هجري _eمحقق. |
|
| 700 | 1 | 2 |
_aابن الحاجب، عثمان بن عمر بن أبي بكر، _d570-646 هجري |
| 700 | 1 | 2 |
_aابن الحاجب، عثمان بن عمر بن أبي بكر، _d570-646 هجري _tكافية ذوي الأرب في معرفة كلام العرب، المعروفة، بالكافية. |
| 700 | 1 | 2 |
_aعبد القادر البغدادي، عبد القادر بن عمر البغدادي، _d1030-1093 هجري |
| 740 | 0 | 2 | _aشافية ابن الحاجب. |
| 740 | 0 | 2 | _aكافية ذوي الأرب في معرفة كلام العرب، المعروفة، بالكافية. |
| 740 | 0 | 2 | _aالكافية. |
| 740 | 0 | 2 | _aشرح شواهد ابن الحاجب. |
| 942 |
_2ddc _cBOOK _n0 |
||
| 949 |
_aSA-JeALM _d241009 _umohamedma123 _n1 |
||
| 999 |
_c1094 _d1094 |
||